MARC details
| 000 -LEADER |
| fixed length control field |
02672cam a2200409 i 4500 |
| 001 - CONTROL NUMBER |
| control field |
1298712687 |
| 003 - CONTROL NUMBER IDENTIFIER |
| control field |
OCoLC |
| 005 - DATE AND TIME OF LATEST TRANSACTION |
| control field |
20241126110719.0 |
| 008 - FIXED-LENGTH DATA ELEMENTS--GENERAL INFORMATION |
| fixed length control field |
220212s2022 enk b 001 0 eng |
| 010 ## - |
| -- |
2021060055 |
| 020 ## - INTERNATIONAL STANDARD BOOK NUMBER |
| International Standard Book Number |
9781108493710 |
| Qualifying information |
(hardback) |
| 020 ## - INTERNATIONAL STANDARD BOOK NUMBER |
| International Standard Book Number |
1108493718 |
| Qualifying information |
(hardback) |
| 020 ## - INTERNATIONAL STANDARD BOOK NUMBER |
| International Standard Book Number |
9781108725446 |
| Qualifying information |
(paperback) |
| 020 ## - INTERNATIONAL STANDARD BOOK NUMBER |
| International Standard Book Number |
1108725449 |
| Qualifying information |
(paperback) |
| 020 ## - INTERNATIONAL STANDARD BOOK NUMBER |
| Canceled/invalid ISBN |
9781108643054 |
| Qualifying information |
(epub) |
| 035 ## - SYSTEM CONTROL NUMBER |
| System control number |
(OCoLC)1298712687 |
| Canceled/invalid control number |
(OCoLC)1296949352 |
| 040 ## - CATALOGING SOURCE |
| Original cataloging agency |
LBSOR/DLC |
| Language of cataloging |
eng |
| Description conventions |
rda |
| Transcribing agency |
DLC |
| Modifying agency |
OCLCO |
| -- |
OCLCF |
| -- |
IBP |
| -- |
TNK |
| -- |
OSZ |
| -- |
YDX |
| -- |
IHT |
| -- |
JES |
| -- |
ODC |
| 042 ## - |
| -- |
pcc |
| 050 00 - |
| -- |
BS2695.53 |
| -- |
.D47 2022 |
| 082 00 - DEWEY DECIMAL CLASSIFICATION NUMBER |
| Classification number |
220.77 |
| -- |
227.507 |
| Edition information |
23/eng/20220215 |
| Item number |
NCB |
| 100 1# - MAIN ENTRY--PERSONAL NAME |
| Personal name |
deSilva, David A., |
| Dates associated with a name |
1967- |
| Relator term |
author. |
| 9 (RLIN) |
17103 |
| 245 10 - TITLE STATEMENT |
| Title |
Ephesians / |
| Statement of responsibility, etc. |
David A. deSilva. |
| 264 #1 - PRODUCTION, PUBLICATION, DISTRIBUTION, MANUFACTURE, AND COPYRIGHT NOTICE |
| Place of production, publication, distribution, manufacture |
Cambridge ; |
| -- |
New York , NY : |
| Name of producer, publisher, distributor, manufacturer |
Cambridge University Press, |
| Date of production, publication, distribution, manufacture, or copyright notice |
2022. |
| 300 ## - PHYSICAL DESCRIPTION |
| Extent |
xiv, 376 pages ; |
| Dimensions |
24 cm. |
| 336 ## - CONTENT TYPE |
| Content type term |
text |
| Content type code |
txt |
| Source |
rdacontent |
| 337 ## - MEDIA TYPE |
| Media type term |
unmediated |
| Media type code |
n |
| Source |
rdamedia |
| 338 ## - CARRIER TYPE |
| Carrier type term |
volume |
| Carrier type code |
nc |
| Source |
rdacarrier |
| 490 1# - SERIES STATEMENT |
| Series statement |
New Cambridge Bible commentary |
| 504 ## - BIBLIOGRAPHY, ETC. NOTE |
| Bibliography, etc. note |
Includes bibliographical references (pages 340-349) and indexes. |
| 505 0# - FORMATTED CONTENTS NOTE |
| Formatted contents note |
I. Introduction to Ephesians -- II. Recommended Resources -- III. Commentary on Ephesians -- Bibliography -- Indexes. |
| 520 ## - SUMMARY, ETC. |
| Summary, etc. |
"In this commentary, David deSilva approaches Ephesians as Paul's contribution to the ongoing work of forming his converts' individual and collective identity in Christ through the celebration of God's activity (past, ongoing, and future) on behalf of all who had responded in trust and faithfulness toward Jesus throughout the eastern Roman empire. He explores how Paul's first-century audiences in Roman Asia would have understood and responded to his message, particularly his promotion of the attitudes, pursuits, and practices that would constitute an appropriate response of gratitude for so costly a deliverance and so magnificent a destiny. deSilva's discussion is richly grounded in the Jewish and Greco-Roman contexts that both informed Paul as he composed and his audiences as they engaged his message. He is also attentive to points of relevance to the modern contexts of today's readers who continue to wrestle with Paul's vision for Christian discipleship and human community"-- |
| Assigning source |
Provided by publisher. |
| 630 00 - SUBJECT ADDED ENTRY--UNIFORM TITLE |
| Uniform title |
Bible. |
| Name of part/section of a work |
Ephesians |
| Form subdivision |
Commentaries. |
| 9 (RLIN) |
3075 |
| 655 #7 - INDEX TERM--GENRE/FORM |
| Genre/form data or focus term |
Commentaries. |
| Source of term |
fast |
| Authority record control number or standard number |
(OCoLC)fst01423723 |
| 9 (RLIN) |
875 |
| 776 08 - ADDITIONAL PHYSICAL FORM ENTRY |
| Relationship information |
Online version: |
| Main entry heading |
DeSilva, David Arthur. |
| Title |
Ephesians |
| Place, publisher, and date of publication |
Cambridge, United Kingdom ; New York, NY : Cambridge University Press, 2022 |
| International Standard Book Number |
9781108643054 |
| Record control number |
(DLC) 2021060056 |
| 830 #0 - |
| -- |
New Cambridge Bible commentary. |
| -- |
17096 |
| 942 ## - ADDED ENTRY ELEMENTS (KOHA) |
| Source of classification or shelving scheme |
Dewey Decimal Classification |
| Koha item type |
Reference Books |